000 00740nam a22002177a 4500
003 UA-OsUOA
001 69405
007 ta
008 20100621b un ||||| |||| 00| 0 ukr d
100 _aЦвєткова Н.
090 _a657
_bЦ27
942 _cSA
040 _aUA-OsUOA
_bukr
_cUA-OsUOA
_dUA-OsUOA
245 _aПринципи бухгалтерського обліку та звітності: досвід застосування і розвиток
300 _aС.14-21
955 _a0
041 _aukr
080 _a657
773 0 _w69402
_tБухгалтерський облік і аудит
_dК.
_d2010
_g6
650 7 _a657 Бухгалтерія. Бухгалтерський облік. Рахівництво
_2UDC
999 _c355635
_d355635